000 00462nam a2200169Ia 4500
005 20250923145927.0
008 008 250917s9999 xx 000 0 eng d
037 _aTextual
040 _aDSWL
_beng
_cDSWL
041 _aeng
_2eng
084 _aYX;5x2, N89;1
_qDSWL
245 0 _aSocial welfare in India
_c by T.I.S.S.
260 _aBombay
_bT.I.S.S.
_c1988
300 _aiv,254p.
942 _cTEXL
_hYX;5x2, N89;1
999 _c1457438
_d1457438